| 000 | 00700nam a2200205 a 4500 | ||
|---|---|---|---|
| 005 | 20260305063849.0 | ||
| 008 | 020610s1990 mx r 000 0 spa d | ||
| 020 | _a8477380872 | ||
| 035 | _aUPN01000117800 | ||
| 049 | _aCG | ||
| 050 | 4 |
_aF1413 _bI9.2 |
|
| 100 | 1 | _aIzard Llorens, Miquel | |
| 245 | 1 | 0 |
_aAmérica Latina, siglo XIX : _bviolencia, subdesarrollo y dependencia / _cMiquel Izard Llorens. |
| 260 |
_aMadrid : _bSíntesis, _c1990. |
||
| 300 |
_a175 p. : _bmapas |
||
| 440 | 0 |
_aHistoria universal. _pHistoria contemporánea ; _v6 |
|
| 651 | 4 |
_aAMERICA LATINA - _xHISTORIA - _yGUERRAS DE INDEPENDENCIA, 1806-1830 _9389 |
|
| 651 | 4 |
_aAmérica Latina _xHistoria _ySiglo XIX _93110 |
|
| 905 | _aLibro | ||
| 999 |
_c90235 _d90235 |
||